[Event "Dortmund-ch"]
[Site "Dortmund"]
[Date "2005.03.15"]
[Round "8"]
[White "Morgenroth, Hubertus"]
[Black "Sellin, Reinhard"]
[Result "1/2-1/2"]
[WhiteElo "1724"]
[BlackElo "1509"]
[PlyCount "51"]
[EventDate "2005.02.28"]
[EventType "swiss"]
[EventRounds "9"]
[EventCountry "GER"]
[SourceTitle "CBM 105 Extra"]
[Source "ChessBase"]
[SourceDate "2005.05.01"]
[SourceVersion "1"]
[SourceVersionDate "2005.05.01"]
[SourceQuality "1"]

1. e4 c5 2. Nf3 Nc6 3. d4 cxd4 4. Nxd4 e6 5. Nc3 a6 6. Be2 d6 7. Be3 Be7 8. 0-0 Nf6 9. Bf3 Bd7 10. Nxc6 Bxc6 11. Qe2 0-0 12. Rfd1 Qc7 13. Bf4 Rac8 14. Rd3 b5 15. e5 dxe5 16. Bxe5 Qb7 17. Bxc6 Qxc6 18. Rg3 b4 19. Qe3 Kh8 20. Rxg7 Rg8 21. Rxg8+ Rxg8 22. Ne4 Rg6 23. g3 Kg8 24. Nxf6+ Bxf6 25. Bxf6 Rxf6 26. Qg5+ 1/2-1/2

[Event "Dortmund-ch"]
[Site "Dortmund"]
[Date "2005.03.14"]
[Round "7"]
[White "Sellin, Reinhard"]
[Black "Iwannek, Ralf"]
[Result "0-1"]
[WhiteElo "1509"]
[BlackElo "1718"]
[PlyCount "38"]
[EventDate "2005.02.28"]
[EventType "swiss"]
[EventRounds "9"]
[EventCountry "GER"]
[SourceTitle "CBM 105 Extra"]
[Source "ChessBase"]
[SourceDate "2005.05.01"]
[SourceVersion "1"]
[SourceVersionDate "2005.05.01"]
[SourceQuality "1"]

1. d4 d5 2. Nf3 Nc6 3. e3 a6 4. c3 f6 5. Bd3 Bg4 6. h3 Bh5 7. Nbd2 e5 8. dxe5 fxe5 9. e4 d4 10. Qb3 dxc3 11. Qxb7 Na5 12. Bb5+ Ke7 13. Nxe5 cxd2+ 14. Bxd2 Qxd2+ 15. Kxd2 Nxb7 16. Bc6 Rd8+ 17. Ke3 Na5 18. g4 Be8 19. b4 Nxc6 0-1

[Event "Dortmund3"]
[Site "Dortmund"]
[Date "2002.05.10"]
[Round "6"]
[White "Dekhtyaryuk, Dimitri"]
[Black "Sellin, Reinhard"]
[Result "1-0"]
[WhiteElo "1719"]
[BlackElo "1587"]
[PlyCount "83"]
[EventDate "2002.04.12"]
[EventType "tourn"]
[EventRounds "11"]
[EventCountry "GER"]
[SourceTitle "EXT 2007"]
[Source "ChessBase"]
[SourceDate "2006.11.23"]
[SourceVersion "1"]
[SourceVersionDate "2006.11.23"]
[SourceQuality "1"]

1. e4 c5 2. Nf3 Nc6 3. d4 cxd4 4. Nxd4 d6 5. Nc3 a6 6. Bc4 Nf6 7. Nb3 b5 8. Bd3 Bb7 9. Be3 g6 10. Qd2 Bg7 11. Bh6 0-0 12. 0-0-0 Nb4 13. Bxg7 Nxd3+ 14. Qxd3 Kxg7 15. f3 Nd7 16. h4 Nc5 17. Nxc5 dxc5 18. Qe3 Qc7 19. h5 Rh8 20. h6+ Kf8 21. Nd5 Bxd5 22. Rxd5 Rc8 23. Rhd1 f6 24. Rd7 Qa5 25. Kb1 Kf7 26. Qd3 Rhe8 27. Qd5+ Kf8 28. e5 Qb6 29. exf6 Qxf6 30. g4 Rc6 31. g5 Qe6 32. Qd2 Rd6 33. Qf4+ Kg8 34. R1xd6 exd6 35. Rg7+ Kh8 36. a3 a5 37. Rf7 Qe1+ 38. Ka2 Qe6+ 39. b3 c4 40. Rf8+ Rxf8 41. Qxf8+ Qg8 42. Qf6+ 1-0

[Event "Dortmund3"]
[Site "Dortmund"]
[Date "2002.04.20"]
[Round "3"]
[White "Sellin, Reinhard"]
[Black "Uekoetter, Klemens"]
[Result "1/2-1/2"]
[WhiteElo "1587"]
[BlackElo "1617"]
[PlyCount "93"]
[EventDate "2002.04.12"]
[EventType "tourn"]
[EventRounds "11"]
[EventCountry "GER"]
[SourceTitle "EXT 2007"]
[Source "ChessBase"]
[SourceDate "2006.11.23"]
[SourceVersion "1"]
[SourceVersionDate "2006.11.23"]
[SourceQuality "1"]

1. d4 e6 2. Nf3 c5 3. e3 cxd4 4. exd4 g6 5. c3 Bg7 6. Bd3 Ne7 7. 0-0 0-0 8. Nbd2 a6 9. Re1 d6 10. Nc4 b5 11. Ne3 Bb7 12. Ng4 Nf5 13. Be4 d5 14. Bc2 Re8 15. Bg5 f6 16. Bd2 Nd7 17. Ne3 Nd6 18. Ng4 Nf7 19. Qc1 Nf8 20. Nh6+ Nxh6 21. Bxh6 Bh8 22. Bxf8 Kxf8 23. Qh6+ Kg8 24. Nh4 Bg7 25. Qe3 Kf7 26. Qg3 f5 27. Nf3 Bc8 28. Ne5+ Kf8 29. f4 Bf6 30. Qh3 Kg7 31. g4 Qc7 32. g5 Be7 33. Qf3 Rb8 34. h4 b4 35. Ba4 Rh8 36. Rac1 Qb6 37. Nd7 Bxd7 38. Bxd7 bxc3 39. bxc3 Ba3 40. Rc2 Qd6 41. Bxe6 Rhe8 42. Rce2 Rb2 43. Rxb2 Bxb2 44. Rb1 Bxc3 45. Rb7+ Kh8 46. Qxc3 Qxe6 47. Rc7 1/2-1/2

[Event "Dortmund3"]
[Site "Dortmund"]
[Date "2001.06.13"]
[Round "10"]
[White "Mchaalia, Said"]
[Black "Sellin, Reinhard"]
[Result "1-0"]
[WhiteElo "1662"]
[BlackElo "1664"]
[PlyCount "53"]
[EventDate "2001.04.27"]
[EventType "tourn"]
[EventRounds "11"]
[EventCountry "GER"]
[SourceTitle "EXT 2007"]
[Source "ChessBase"]
[SourceDate "2006.11.23"]
[SourceVersion "1"]
[SourceVersionDate "2006.11.23"]
[SourceQuality "1"]

1. e4 c5 2. Nf3 Nc6 3. d4 cxd4 4. Nxd4 a6 5. Nc3 d6 6. Be2 g6 7. Be3 Bg7 8. Qd2 Nf6 9. f3 0-0 10. h4 Nh5 11. g4 Ng3 12. Rh3 Nxe2 13. Ncxe2 Ne5 14. b3 f5 15. exf5 gxf5 16. gxf5 Bxf5 17. Rg3 Ng6 18. h5 e5 19. Nxf5 Rxf5 20. hxg6 h5 21. 0-0-0 h4 22. Rg5 Rxg5 23. Bxg5 Bf6 24. Qd5+ Kh8 25. Bxf6+ Qxf6 26. Rg1 Kg7 27. Qxb7+ 1-0

[Event "Dortmund3"]
[Site "Dortmund"]
[Date "2001.05.12"]
[Round "4"]
[White "Scholtyssek, Norbert"]
[Black "Sellin, Reinhard"]
[Result "1/2-1/2"]
[WhiteElo "1629"]
[BlackElo "1664"]
[PlyCount "128"]
[EventDate "2001.04.27"]
[EventType "tourn"]
[EventRounds "11"]
[EventCountry "GER"]
[SourceTitle "EXT 2007"]
[Source "ChessBase"]
[SourceDate "2006.11.23"]
[SourceVersion "1"]
[SourceVersionDate "2006.11.23"]
[SourceQuality "1"]

1. b3 d5 2. Bb2 Nc6 3. e3 e5 4. Bb5 Nge7 5. Bxe5 Ng6 6. Bxc6+ bxc6 7. Bg3 d4 8. Qe2 dxe3 9. Qxe3+ Be6 10. Nf3 Be7 11. 0-0 0-0 12. Nc3 Bf6 13. Rad1 Bf5 14. Ne4 Bxe4 15. Qxe4 Qd5 16. Qxd5 cxd5 17. d4 Rfe8 18. Rfe1 Rac8 19. Kf1 Rxe1+ 20. Rxe1 Ne7 21. Bh4 Bxh4 22. Nxh4 Kf8 23. Re2 g6 24. Nf3 f6 25. Re6 Kf7 26. Ra6 Ra8 27. c3 c6 28. Ne1 Ke6 29. Nd3 Kd6 30. Nc5 Nc8 31. Nd3 Rb8 32. Nb4 Rb6 33. Ra5 Rb7 34. Na6 Nb6 35. f3 Re7 36. Kf2 f5 37. g3 g5 38. f4 gxf4 39. gxf4 Nd7 40. Nc5 Nf6 41. h3 Ne4+ 42. Nxe4+ fxe4 43. Ke3 Rg7 44. Kf2 Rf7 45. Ke2 Rxf4 46. Rxa7 Rh4 47. Rg7 Rxh3 48. Kd2 Rh2+ 49. Ke3 h5 50. Rg6+ Kc7 51. c4 Rh3+ 52. Kf2 Rd3 53. cxd5 cxd5 54. Rg5 Rxd4 55. Rxh5 Kc6 56. Rh1 Rd2+ 57. Ke3 Rxa2 58. Rc1+ Kd6 59. Rc8 Ra7 60. Kd4 Rb7 61. Rd8+ Rd7 62. Rc8 Rc7 63. Rd8+ Kc6 64. Rxd5 e3 1/2-1/2